[Event "33rd Fortis Open"]
[Site "Guernsey GCI"]
[Date "2007.10.23"]
[Round "3"]
[White "Van der Linde,Ma"]
[Black "Jamieson,I"]
[Result "1-0"]
[WhiteElo "2192"]
[BlackElo "2014"]

1.e4 e6 2.d4 d5 3.Nd2 Be7 4.Bd3 dxe4 5.Nxe4 Nc6 6.Nf3 Nb4 7.Be2 Nf6 8.Nxf6+ Bxf6
9.O-O O-O 10.c4 b6 11.Qa4 c5 12.Rd1 Bd7 13.Qb3 Qe8 14.Qc3 Nc6 15.Be3 e5 16.dxe5 Nxe5
17.Nxe5 Bxe5 18.Qa3 Bc6 19.Rd2 Qe6 20.Rad1 Rfe8 21.b4 Qg6 22.Bf1 cxb4 23.Qxb4 Bf3
24.Rc1 Rad8 25.c5 Rxd2 26.Bxd2 bxc5 27.Rxc5 Bc6 28.Qc4 Bd7 29.Qd5 Qd6 30.Qxd6 Bxd6
31.Rd5 Re6 32.Be3 Kf8 33.Bxa7 Ke8 34.Be3 g6 35.g3 Bc6 36.Bb5 Bxb5 37.Rxb5 Re5
38.Rxe5+ Bxe5 39.Kf1 Kd7 40.Ke2 Kc6 41.a4 h5 42.h3 Bc7 43.Kd3 Kd5 44.Bd4 Ba5
45.Ba7 Kc6 46.Ke4 Bc7 47.Bd4 Bd6 48.Be3 Bc7 49.Bf4 Ba5 50.Be3 Bc7 51.h4 Bd6
52.a5 Bc7 53.a6 Bd6 54.a7 Kb7 55.Kd5 Be7 56.Ke5 Bd8 57.Kd6 f6 58.Kd7 Ba5
59.Ke6 Bd8 60.Kd7 Ba5 61.Ke7  1-0

[Event "33rd Fortis Open"]
[Site "Guernsey GCI"]
[Date "2007.10.27"]
[Round "7"]
[White "Kirby,P"]
[Black "Taylor,Mark"]
[Result "0-1"]
[WhiteElo "2055"]
[BlackElo "2150"]

1.e4 e6 2.d4 d5 3.Nd2 Nc6 4.Bb5 Nf6 5.e5 Nd7 6.Ngf3 a5 7.O-O Na7 8.Bd3 c5
9.c3 Nc6 10.Bb5 Be7 11.Nb3 c4 12.Nbd2 Na7 13.Bxd7+ Bxd7 14.b3 b5 15.bxc4 bxc4
16.Rb1 O-O 17.Qc2 Qc7 18.Bb2 Rfb8 19.Qc1 Nb5 20.Ne1 f6 21.f4 fxe5 22.fxe5 Be8
23.Nc2 Bg6 24.Ra1 Rc8 25.Nf3 Rf8 26.a4 Na7 27.Ba3 Rab8 28.Ne3 Rb3 29.Nd2 Rb6
30.Rxf8+ Kxf8 31.Ra2 Nc8 32.Nc2 Kg8 33.Bxe7 Qxe7 34.Rb2 Qg5 35.Rxb6 Nxb6
36.h3 Nxa4 37.Qb1 h6 38.Nf3 Qe3+ 39.Kh1 Bxc2 40.Qxc2 Nxc3 41.Qg6 Qc1+ 42.Kh2 Qf4+
43.Kh1 Qf5 44.Qe8+ Kh7 45.h4 Ne4 46.Ng5+ Nxg5 47.hxg5 c3 48.gxh6 c2  0-1

[Event "ETCC w"]
[Site "Crete GRE"]
[Date "2007.10.28"]
[Round "1"]
[White "Velcheva,M"]
[Black "Puuska,H"]
[Result "1-0"]
[WhiteElo "2255"]
[BlackElo "2016"]

1.e4 e6 2.d4 d5 3.Nd2 Be7 4.Bd3 Nf6 5.e5 Nfd7 6.Qg4 O-O 7.h4 f5 8.Qh3 c5
9.c3 cxd4 10.cxd4 Nc6 11.Ne2 Ndxe5 12.dxe5 Nxe5 13.Nf4 Ng4 14.Be2 e5 15.Nxd5 Bc5
16.O-O Be6 17.Ne3 Nxe3 18.fxe3 Qc8 19.Bc4 Bxe3+ 20.Qxe3 Bxc4 21.Nxc4 Qxc4
22.Qxe5 Qxh4 23.Bf4 Rae8 24.Qd5+ Kh8 25.Qxb7 Re4 26.Qxe4 fxe4 27.Bg5  1-0

[Event "2nd MAIG Team Standard"]
[Site "Macau CHN"]
[Date "2007.10.28"]
[Round "2"]
[White "Paridar,S"]
[Black "Xu Yuhua"]
[Result "0-1"]
[WhiteElo "2236"]
[BlackElo "2517"]

1.e4 e6 2.d4 d5 3.Nd2 Be7 4.Bd3 c5 5.dxc5 Nf6 6.Qe2 O-O 7.Ngf3 a5 8.O-O Na6
9.exd5 exd5 10.Nd4 Nxc5 11.Bf5 Re8 12.a4 Bd6 13.Qf3 Be5 14.N2b3 Nxb3 15.Nxb3 Qc7
16.h3 Bxf5 17.Qxf5 Ne4 18.c3 Qb6 19.Ra3 Ng3 20.Be3 d4 21.fxg3 dxe3 22.Qxf7+ Kh8
23.Nd4 Bxd4 24.cxd4 e2 25.Re1 Qxd4+ 26.Qf2 Qd2 27.Rf3 Kg8 28.g4 h6 29.h4 Rac8
30.Rc3 Rxc3 31.bxc3 b5 32.axb5 a4 33.g5 a3 34.g6 Kh8 35.Kh2 a2 36.Ra1 Qd6+
37.g3 Qxg6 38.b6 Qb1 39.Qf7 e1=Q  0-1

[Event "ETCC w"]
[Site "Crete GRE"]
[Date "2007.10.29"]
[Round "2"]
[White "Nemcova,Kat"]
[Black "Vojinovic,J"]
[Result "1-0"]
[WhiteElo "2255"]
[BlackElo "2227"]

1.e4 e6 2.d4 d5 3.Nd2 Be7 4.Bd3 c5 5.dxc5 Nf6 6.Qe2 Nc6 7.Ngf3 Nb4 8.Nb3 a5
9.Bg5 h6 10.Bh4 a4 11.Nbd2 dxe4 12.Bxe4 Qa5 13.c3 Na6 14.c6 Nxe4 15.Nxe4 bxc6
16.O-O Bxh4 17.Nd6+ Ke7 18.Ne5 Qc7 19.Ndxf7 Re8 20.Qh5 Bf6 21.Rad1 Rf8 22.Rfe1 Bxe5
23.Nxe5 Rf6 24.Ng4 Rf7 25.Ne5 Rf6 26.Ng4 Rf7 27.Qg6 Kf8 28.Qh7 Rf5 29.Qh8+ Kf7
30.Rd8 Kg6 31.Rg8 Rh5 32.f4 Ra7 33.Rxc8 Qxf4 34.Rxc6 Nc7 35.Qb8 Rha5 36.Nf2 Qf7
37.Qb6 Nd5 38.Rcxe6+ Kh7 39.Qd4 Nf4 40.Qe4+ g6 41.Re7 Rxe7 42.Qxe7 Kg7 43.g3 Qxe7
44.Rxe7+ Kf6 45.Re4 Ne6 46.Kg2 h5 47.Rb4 Nc5 48.Ne4+ Nxe4 49.Rxe4 a3 50.Re2 Rc5
51.Kf3 axb2 52.Rxb2 Rxc3+ 53.Ke4 Kg5 54.Kd4 Rc1 55.Kd3 Kg4 56.Rc2 Rf1 57.Kc3 h4
58.gxh4 Kxh4 59.a4 Ra1 60.Kb4 Kh3 61.a5 Rb1+ 62.Kc5 Ra1 63.Kb6 Rb1+ 64.Kc7 Ra1
65.Rc5 Ra2 66.Kb6 Kg4 67.h3+ Kh4 68.a6 Rb2+ 69.Rb5 Rf2 70.a7 Rf8 71.Ra5 Kxh3
72.a8=Q Rxa8 73.Rxa8 g5 74.Rg8 g4 75.Kc5 Kg3 76.Kd4 Kf3 77.Kd3 g3 78.Rf8+ Kg2
79.Ke2 Kh1 80.Rg8  1-0

[Event "ETCC w"]
[Site "Crete GRE"]
[Date "2007.10.29"]
[Round "2"]
[White "Vajda,S"]
[Black "Puuska,H"]
[Result "1-0"]
[WhiteElo "2407"]
[BlackElo "2016"]

1.e4 e6 2.d4 d5 3.Nd2 Be7 4.Bd3 Nc6 5.c3 dxe4 6.Bxe4 Nf6 7.Bf3 e5 8.Bxc6+ bxc6
9.dxe5 Ng4 10.Qe2 Bc5 11.Ne4 Bb6 12.Bg5 Qd5 13.Rd1 Ba6 14.Qxg4 Qxe5 15.Qd7+ Kf8
16.Qd8+ Rxd8 17.Rxd8+ Qe8 18.Rxe8+ Kxe8 19.Be3  1-0

[Event "I Joan Casals"]
[Site "Mao ESP"]
[Date "2007.10.31"]
[Round "8"]
[White "Cantero,A"]
[Black "Cubas Pons,Ju"]
[Result "0-1"]
[WhiteElo "2246"]
[BlackElo "2199"]

1.e4 e6 2.d4 d5 3.Nd2 a6 4.Ngf3 Nf6 5.e5 Nfd7 6.Bd3 c5 7.c3 Nc6 8.O-O g5
9.dxc5 g4 10.Nd4 Ndxe5 11.N2b3 Bd7 12.Re1 Qf6 13.Qe2 Bg7 14.Bd2 h5 15.Rad1 h4
16.f4 gxf3 17.Nxf3 h3 18.Nxe5 Nxe5 19.Rf1 Qe7 20.Nd4 Nxd3 21.Qxd3 hxg2 22.Rf2 Qxc5
23.Re1 O-O-O 24.Rxf7 Rdg8 25.Rf2 Be5 26.Rxe5 Rxh2 27.Bg5 Rgh8 28.Qg3 Rh1+
29.Kxg2 Ra1 30.Re3 Rhh1 31.Nf3 d4 32.Re4 Bc6 33.Qg4 Qf5 34.Rfe2 Rhg1+  0-1

[Event "TCh-BEL 2007-8"]
[Site "Belgium BEL"]
[Date "2007.11.04"]
[Round "3"]
[White "Maenhout,T"]
[Black "Fiebig,T"]
[Result "1/2-1/2"]
[WhiteElo "2277"]
[BlackElo "2375"]

1.e4 e6 2.d4 d5 3.Nd2 Be7 4.Ngf3 Nf6 5.e5 Nfd7 6.Bd3 c5 7.c3 Nc6 8.O-O a5
9.Re1 cxd4 10.cxd4 Qb6 11.a3 Nxd4 12.Nxd4 Qxd4 13.Nf3 Qa7 14.Be3 b6 15.Rc1 Ba6
16.Bb1 O-O 17.Bg5 Rfe8 18.Bxe7 Rxe7 19.Nd4 Ree8 20.Rc3 g6 21.Qd2 Rac8 22.Rh3 Nf8
23.Nf3 Rc6 24.Ng5 h5 25.g4 hxg4 26.Rh4 Qe7 27.Nf3 gxf3 28.Qh6 f5 29.Qh8+ Kf7
30.Rh7+  1/2-1/2

[Event "ETCC w"]
[Site "Crete GRE"]
[Date "2007.11.04"]
[Round "7"]
[White "Dembo,Y"]
[Black "Hoang Thanh Trang"]
[Result "1/2-1/2"]
[WhiteElo "2448"]
[BlackElo "2466"]

1.e4 e6 2.d4 d5 3.Nd2 Be7 4.Ngf3 Nf6 5.e5 Nfd7 6.Bd3 c5 7.c3 b6 8.Qe2 cxd4
9.cxd4 a5 10.O-O Ba6 11.Bxa6 Nxa6 12.Nb1 O-O 13.Nc3 Nc7 14.Be3 a4 15.a3 Nb8
16.Rfc1 Qd7 17.Rc2 b5 18.Rac1 Nba6 19.Na2 Rfb8 20.Bd2 h6 21.Ne1 Ne8 22.Rc6 Qb7
23.Bb4 Nxb4 24.Nxb4 Bxb4 25.axb4 a3 26.bxa3 Rxa3 27.Qc2 Qa7 28.Rc8  1/2-1/2

[Event "USCL Wildcard 2007"]
[Site "ICC INT"]
[Date "2007.11.07"]
[Round "1"]
[White "Young,G"]
[Black "Barredo,L"]
[Result "1-0"]
[WhiteElo "2194"]
[BlackElo "2332"]

1.e4 e6 2.d4 d5 3.Nd2 Nc6 4.Ngf3 Nf6 5.e5 Nd7 6.Be2 f6 7.exf6 Qxf6 8.Nf1 Bd6
9.Ne3 O-O 10.O-O Qg6 11.c4 Nf6 12.c5 Be7 13.Bb5 Bd7 14.Bxc6 Bxc6 15.Ne5 Qe8
16.a4 b6 17.b4 bxc5 18.dxc5 Bb7 19.Qd4 c6 20.Bb2 a5 21.Bc3 Ne4 22.f3 Nxc3
23.Qxc3 Rf4 24.Rfb1 Ba6 25.bxa5 d4 26.Qb4 Qf8 27.N3g4 Bxc5 28.Qb3 d3+ 29.Kh1 Qd6
30.Rd1 Rb8 31.Qc3 Rxg4 32.Nxg4 h5 33.Rac1 Bd4 34.Qxc6 Rd8 35.Qe4 hxg4 36.Rc6 Qd5
37.Rxa6 Qxe4 38.fxe4 Be3 39.Rc6 d2 40.Rc2 Rd4 41.Ra2 Rxe4 42.a6 g3 43.hxg3 Re5
44.g4 Re4 45.g3 Rxg4 46.Kg2 Rc4 47.a7 Bxa7 48.Rdxd2 Rc7 49.a5 e5 50.a6 Bd4
51.Rxd4  1-0

[Event "TCh-HUN 2007-8"]
[Site "Budapest HUN"]
[Date "2007.11.11"]
[Round "2"]
[White "Veroci,Z"]
[Black "Gyorkos,L"]
[Result "1/2-1/2"]
[WhiteElo "2279"]
[BlackElo "2389"]

1.e4 e6 2.d4 d5 3.Nd2 Be7 4.Ngf3 Nf6 5.e5 Nfd7 6.Bd3 c5 7.c3 Nc6 8.O-O g5
9.dxc5 g4 10.Nd4 Ncxe5 11.Bb5 Bxc5 12.f4 Nc6 13.Bxc6 bxc6 14.Qxg4 Qf6 15.Nf3 Ba6
16.Re1 O-O-O 17.Qg5 Qxg5 18.fxg5 Kc7 19.b4 Bd6 20.a4 Bb7 21.Be3 a5 22.Rab1 Ra8
23.b5 Nc5 24.bxc6 Bxc6 25.Nxc6 Kxc6 26.Nd4+ Kd7 27.Nb5 Be7 28.Rf1 Rhf8 29.c4 Nxa4
30.cxd5 exd5 31.Rfd1  1/2-1/2

[Event "Open"]
[Site "Liberec CZE"]
[Date "2007.11.11"]
[Round "2"]
[White "Hlavnicka,Ja"]
[Black "Johansson,Th2"]
[Result "1/2-1/2"]
[WhiteElo "1988"]
[BlackElo "2147"]

1.e4 e6 2.d4 d5 3.Nd2 a6 4.c3 c5 5.exd5 exd5 6.Ndf3 Nc6 7.Ne2 Nf6 8.g3 Bg4
9.Bg2 cxd4 10.Nexd4 Qd7 11.O-O Be7 12.Re1 O-O 13.Nxc6 bxc6 14.Ne5 Bxd1 15.Nxd7 Nxd7
16.Rxd1 Ne5 17.b3 a5 18.Bb2 Bf6 19.Rac1 a4 20.Ba3 Rfd8 21.Bc5 axb3 22.axb3 Rab8
23.Rb1 Rb5 24.Bd4 Rdb8 25.b4 Nd7 26.Ba7 R8b7 27.c4 Rxb4 28.Rxb4 Rxb4 29.cxd5 c5
30.Bh3 Rb7 31.Bxd7 Rxa7 32.Bc6 Rc7 33.Rb1 g6 34.Rb6 Kg7 35.d6 Ra7 36.Rb5 Ra1+
37.Kg2 Rd1 38.Rxc5  1/2-1/2

[Event "ch-ESP ko"]
[Site "Ayamonte ESP"]
[Date "2007.11.13"]
[Round "3.1"]
[White "Khamrakulov,I"]
[Black "Lopez Martinez,Josep"]
[Result "1/2-1/2"]
[WhiteElo "2604"]
[BlackElo "2563"]

1.e4 e6 2.d4 d5 3.Nd2 Be7 4.e5 c5 5.Qg4 Bf8 6.dxc5 Qc7 7.Ngf3 Nd7 8.Nb3 Nxe5
9.Nxe5 Qxe5+ 10.Be3 Bd7 11.O-O-O Nf6 12.Qb4 b6 13.Qd4 Qc7 14.cxb6 axb6 15.Kb1 b5
16.f3 Bd6 17.Qb6 Qxb6 18.Bxb6 b4 19.Nc5 Bc6 20.Ne4 Nxe4 21.fxe4 Ke7 22.exd5 Bxd5
23.b3 Rhc8 24.Bd4 g6 25.Rd2 Bc5 26.a4 bxa3 27.Bxc5+ Rxc5 28.c4 Bc6 29.Ka2 Re5
30.Bd3 Re3 31.Bc2 f5 32.b4 Rc3 33.b5 Rd8 34.Rxd8 Kxd8 35.Bb3 Bxg2 36.Rd1+ Kc8
37.Kxa3 f4 38.Kb4 Re3 39.c5 f3 40.Bc4 f2 41.Ka5 Re1 42.Rd2 f1=Q 43.Bxf1 Bxf1
44.Rf2 Ra1+ 45.Kb6 Rb1 46.Rf8+ Kd7 47.c6+ Ke7 48.Rxf1 Rxf1 49.Kc7 e5 50.b6 e4
51.b7 Rb1 52.b8=Q Rxb8 53.Kxb8 e3 54.c7 e2 55.c8=Q e1=Q 56.Qc7+ Kf6 57.Qxh7 g5
58.Kc7 Qc3+ 59.Kd6 Qd4+ 60.Kc6 Qd8 61.Qh3 Qe8+ 62.Kd5 Qe5+ 63.Kc4 Qe4+ 64.Kc3 Qe1+
65.Kd3 Qd1+ 66.Ke4 Qe2+ 67.Qe3 Qc2+ 68.Qd3 Qxd3+  1/2-1/2

[Event "WYb16"]
[Site "Kemer TUR"]
[Date "2007.11.19"]
[Round "2"]
[White "Valenzuela Gomez,F"]
[Black "Akat,E"]
[Result "1-0"]
[WhiteElo "2075"]
[BlackElo "1850"]

1.e4 e6 2.d4 d5 3.Nd2 Be7 4.Ngf3 Nf6 5.Bd3 c5 6.dxc5 dxe4 7.Bxe4 Bxc5 8.Qe2 O-O
9.O-O Qc7 10.Nb3 Be7 11.Bd3 Nc6 12.c3 e5 13.Re1 Re8 14.Bg5 Bg4 15.Bxf6 gxf6
16.h3 Bh5 17.g4 Bg6 18.Nh4 e4 19.Bxe4 Bd6 20.Nxg6 hxg6 21.Qf3 Ne5 22.Qg2 Re7
23.Rad1 Rae8 24.Kh1 Kg7 25.Nd4 a6 26.Rg1 Rd7 27.Rde1 Rh8 28.Nf5+ Kf8 29.Ne3 Kg7
30.Nd5 Qc4 31.Nb6 Qc7 32.Nxd7 Qxd7 33.Rd1 Qc7 34.Rd5 Re8  1-0

[Event "WYg18"]
[Site "Kemer TUR"]
[Date "2007.11.19"]
[Round "2"]
[White "Yildiz,B"]
[Black "Kruljac,P"]
[Result "1/2-1/2"]
[WhiteElo "2220"]
[BlackElo "2057"]

1.e4 e6 2.d4 d5 3.Nd2 a6 4.Ngf3 c5 5.exd5 exd5 6.Be2 Nf6 7.O-O Be7 8.dxc5 Bxc5
9.Nb3 Ba7 10.Bg5 Nc6 11.Bxf6 Qxf6 12.Qxd5 Be6 13.Qe4 O-O-O 14.Qa4 Bd5 15.Nbd2 Rhe8
16.Bc4 Qf4 17.Rad1 Re2 18.b3 Bxc4 19.Nxc4 Bxf2+ 20.Kh1 Rxd1 21.Rxd1 Kb8 22.Qxa6 bxa6  1/2-1/2

[Event "WYb16"]
[Site "Kemer TUR"]
[Date "2007.11.20"]
[Round "3"]
[White "Lomsadze,D"]
[Black "Zhou,H"]
[Result "1-0"]
[WhiteElo "2408"]
[BlackElo "2096"]

1.e4 e6 2.d4 d5 3.Nd2 Nc6 4.c3 e5 5.exd5 Qxd5 6.Ngf3 exd4 7.Bc4 Qf5 8.O-O Be6
9.Bxe6 fxe6 10.Nb3 O-O-O 11.Nbxd4 Nxd4 12.Nxd4 Qd5 13.Qb3 Nf6 14.Nxe6 Re8
15.Qxd5 Nxd5 16.Nf4 Nf6 17.Nd3 Bd6 18.Bf4 Bxf4 19.Nxf4 Re4 20.Nd3 Rd8 21.Rad1 Re2
22.f3 Nd5 23.Rf2 Ree8 24.Nc5 Ne3 25.Rxd8+ Rxd8 26.Re2 Nd5 27.Kf2 h6 28.Rd2 Rd6
29.Ne4 Rd7 30.g3 c6 31.c4 Nb4 32.Rxd7 Kxd7 33.Nc5+ Ke7 34.a3 Na2 35.Nxb7 Nc1
36.Nc5  1-0

[Event "World Blitz"]
[Site "Moscow RUS"]
[Date "2007.11.21"]
[Round "4"]
[White "Shirov,A"]
[Black "Kasimdzhanov,R"]
[Result "1/2-1/2"]
[WhiteElo "2739"]
[BlackElo "2690"]

1.e4 e6 2.d4 d5 3.Nd2 Be7 4.Ngf3 Nf6 5.e5 Nfd7 6.Bd3 c5 7.c3 Nc6 8.O-O a5
9.Re1 cxd4 10.cxd4 g5 11.g4 h5 12.h3 Qb6 13.Nf1 hxg4 14.hxg4 Nxd4 15.Ng3 Nxf3+
16.Qxf3 Qd4 17.Bb5 Qb4 18.Qe2 Rh4 19.f3 Kf8 20.Kg2 Nc5 21.Be3 Bd7 22.Bxd7 Nxd7
23.Rac1 Nxe5 24.a3 Qa4 25.Rc7 Bd6 26.Bc5 Bxc5 27.Qxe5 Qd4 28.Rxf7+ Kg8 29.Qxd4 Bxd4
30.Rxb7 Rh6 31.Rc1 Rh7 32.Rxh7 Kxh7 33.Rc6 Bxb2 34.a4 Re8 35.Ra6 Bc3 36.Ne2 Bd2
37.Nd4 e5 38.Nf5 e4 39.Ra7+ Kh8 40.Kf2 Re6 41.Rd7 Bf4 42.Rxd5 e3+ 43.Ke2 Rb6
44.Nxe3 Rb2+ 45.Rd2 Rb4 46.Rd8+ Kh7 47.Nd5 Rxa4 48.Nxf4 gxf4 49.Rf8 Rd4 50.Rf5 a4
51.Ra5  1/2-1/2

[Event "WYb16"]
[Site "Kemer TUR"]
[Date "2007.11.22"]
[Round "5"]
[White "Durarbeyli,V"]
[Black "Poetsch,H"]
[Result "1/2-1/2"]
[WhiteElo "2461"]
[BlackElo "2264"]

1.e4 e6 2.d4 d5 3.Nd2 Be7 4.Bd3 c5 5.dxc5 Nf6 6.Ngf3 O-O 7.Qe2 a5 8.O-O Na6
9.exd5 exd5 10.c6 bxc6 11.Nd4 Bd6 12.Nf5 Nc5 13.Nxd6 Qxd6 14.h3 Re8 15.Qf3 Nxd3
16.cxd3 c5 17.b3 Ba6 18.Ba3 Rac8 19.Rac1 Qb6 20.Bb2 Bb7 21.Rfe1 Rxe1+ 22.Rxe1 d4
23.Qg3 Qb4 24.Re2 Bd5 25.Ne4 Nxe4 26.dxe4 Be6 27.f4 Re8 28.Kf2 Qb5 29.Re1 Qb4
30.Re2 Qb5 31.Qf3 Bc8 32.f5 Ba6 33.Re1 Qb4 34.Bc1 d3 35.Qe3 f6 36.Bd2 Qa3
37.Rc1 Qxa2 38.Rxc5 Qxb3 39.Rxa5 Bc8 40.g4 Qb8 41.Kg1 Qb1+ 42.Kh2 Qb8+  1/2-1/2

[Event "WYg16"]
[Site "Kemer TUR"]
[Date "2007.11.22"]
[Round "6"]
[White "Kiss,K"]
[Black "Grguric,Dar"]
[Result "1/2-1/2"]
[WhiteElo "2085"]
[BlackElo "1841"]

1.e4 e6 2.d4 d5 3.Nd2 a6 4.c3 c5 5.exd5 exd5 6.dxc5 Bxc5 7.Ngf3 Nc6 8.Nb3 Ba7
9.Bd3 Nf6 10.O-O O-O 11.Bg5 h6 12.Bxf6 Qxf6 13.Bc2 Be6 14.Qd3 g6 15.Rad1 Rad8
16.Nbd4 Bg4 17.Rd2 Bb8 18.h3 Nxd4 19.Qxd4 Qxd4 20.Nxd4 Bc8 21.Rfd1 Rd6 22.Ne2 Rfd8
23.Nf4 Kg7 24.Rxd5 Rxd5 25.Nxd5 Be6 26.Bb3 Bxd5 27.Bxd5 Kf6 28.c4 b5 29.b3 g5
30.Rd3 Kg7 31.Re3 Bd6 32.Kf1 Bc5 33.Rd3 f6 34.cxb5 axb5 35.a4 bxa4 36.bxa4 f5
37.Ke2 Kf6 38.f3 Ke5 39.Bb7 Rxd3 40.Kxd3 Kf4 41.Kc4 Be3 42.Bc8 Kg3 43.Bxf5 Kxg2
44.Bg4 Kg3 45.a5 Kh4 46.Kd5 h5 47.Bd7 Kg3 48.Ke4 Bg1 49.a6 Bf2 50.Be8 Kh4
51.Kf5 Bd4 52.Kg6 Be3 53.Bf7 Kg3 54.Bd5 h4 55.Kf5 Kxh3 56.Ke4 Ba7 57.Kf5 Be3  1/2-1/2

[Event "WYb16"]
[Site "Kemer TUR"]
[Date "2007.11.24"]
[Round "7"]
[White "Kanmazalp,O"]
[Black "Zhou,H"]
[Result "1-0"]
[WhiteElo "2264"]
[BlackElo "2096"]

1.e4 e6 2.d4 d5 3.Nd2 Nc6 4.Ngf3 Nf6 5.e5 Nd7 6.Be2 f6 7.exf6 Qxf6 8.Nf1 Bd6
9.Ne3 O-O 10.O-O Qg6 11.c4 Nf6 12.c5 Bf4 13.Nc2 Bxc1 14.Rxc1 Bd7 15.Nce1 Ne4
16.Nd3 Qh6 17.Nde5 Be8 18.a3 Qf4 19.g3 Qf6 20.Nxc6 Bxc6 21.Ne5 Be8 22.f3 Ng5
23.f4 Ne4 24.Bd3 Rd8 25.Qe2 Bg6 26.Qe3 Bf5 27.g4 Bg6 28.Rce1 Qh4 29.Kh1 Rf6
30.g5 Rf5 31.Nxg6 hxg6 32.Bxe4 dxe4 33.Qxe4 Re8 34.Qe3 Rd5 35.Rf3 Rxd4 36.Rg1 Rc4
37.h3 Rc2 38.Rg4 Qh8 39.Qe4 Rc1+ 40.Kg2 Kf7 41.f5 gxf5 42.Rxf5+ Kg8 43.Re5 Qh7
44.g6 Qh6 45.Reg5 Rd1 46.Qe2 Rd4 47.Qe3 Rd5 48.Kg3 c6 49.h4 Kh8 50.Re4 Rxg5+
51.Qxg5 Qxg5+ 52.hxg5 Kg8 53.Kf4 Rf8+ 54.Ke5 Rf5+ 55.Kd6 Rxg5 56.Rxe6 Kf8
57.b4 Rf5 58.Kc7 Rf6 59.Rd6 Ke8 60.Rd8+ Ke7 61.Rd7+ Kf8 62.Kxb7 Rxg6 63.b5 cxb5
64.c6 Ke8 65.Rd3 Re6 66.c7 Re7 67.Kb8 Rxc7 68.Kxc7 Kf7 69.Kc6  1-0

[Event "WYg16"]
[Site "Kemer TUR"]
[Date "2007.11.25"]
[Round "8"]
[White "Mitali,M"]
[Black "Khazhomia,S"]
[Result "0-1"]
[WhiteElo "1878"]
[BlackElo "2168"]

1.e4 e6 2.d4 d5 3.Nd2 a6 4.Ngf3 c5 5.exd5 exd5 6.Be2 c4 7.O-O Be7 8.Re1 Nf6
9.b3 cxb3 10.axb3 Nc6 11.Ba3 Bxa3 12.Rxa3 O-O 13.Nf1 Ne4 14.Bd3 Re8 15.Ne3 Be6
16.c4 h6 17.Bb1 Qd6 18.Ra1 Rad8 19.c5 Qf4 20.Qc1 g5 21.Qb2 g4 22.Ne5 Nxe5
23.Bxe4 dxe4 24.dxe5 Rd3 25.b4 Bb3 26.Ra3 Be6 27.Raa1 Red8 28.Red1 R8d7 29.Rab1 h5
30.Rxd3 exd3 31.Rd1 Rd4 32.Qc3 Qe4 33.g3 Bd7 34.Nc2 dxc2 35.Rxd4 Qxd4 36.Qxd4 c1=Q+
37.Kg2 Bc6+ 38.f3 gxf3+ 39.Kh3 Qg5 40.g4 Qxg4+ 41.Qxg4+ hxg4+ 42.Kg3 Kg7
43.h3 gxh3 44.Kxh3 f2 45.Kh4 f1=Q 46.e6 Qg2 47.exf7 Bf3  0-1

[Event "20th Belgrade Trophy"]
[Site "Belgrade SRB"]
[Date "2007.11.26"]
[Round "5"]
[White "Kuzmanovic,R"]
[Black "Fernandez Manrique,A"]
[Result "1/2-1/2"]
[WhiteElo "1945"]
[BlackElo "2153"]

1.e4 e6 2.d4 d5 3.Nd2 Be7 4.c3 c5 5.Bd3 cxd4 6.Qa4+ Nc6 7.cxd4 dxe4 8.Bxe4 Bd7
9.Ne2 Nf6 10.Bb1 Nb4 11.Qb3 Bb5 12.Nf3 Rc8 13.a3 Bc4 14.Qd1 Nbd5 15.Bd3 Bxd3
16.Qxd3 O-O 17.O-O Qb6 18.b4 Qc6 19.Ne5 Qc2 20.Nf4 Nxf4 21.Bxf4 Qxd3 22.Nxd3 Rc3
23.Rfd1 Rfc8 24.Rac1 Nd5 25.Bd2 Rxc1 26.Rxc1 Rxc1+ 27.Bxc1 Bf6 28.Bb2 Nb6
29.Ne5 Bxe5 30.dxe5 Nc4 31.Bd4 Nxa3 32.Bxa7 Nc4 33.Bd4 Kf8 34.Kf1 Ke8 35.Ke2 Kd7
36.Kd3 Na3 37.Bb2 Nb5 38.Kc4 Kc6 39.g3 Nc7 40.h4 Nb5 41.Bc1 Nc7 42.Bd2 b5+
43.Kd4 Nd5 44.Ke4 Kc7 45.g4 Kd7 46.f4 Kc6 47.h5 g6 48.hxg6 hxg6 49.f5 gxf5+
50.gxf5 Ne7 51.fxe6 fxe6 52.Be3 Nd5 53.Bd2 Kc7 54.Kd4 Kb6 55.Ke4 Kc6 56.Kd4 Nb6  1/2-1/2

[Event "WYg18"]
[Site "Kemer TUR"]
[Date "2007.11.26"]
[Round "9"]
[White "Hrenic,M"]
[Black "Kruljac,P"]
[Result "0-1"]
[WhiteElo "1982"]
[BlackElo "2057"]

1.e4 e6 2.d4 d5 3.Nd2 a6 4.Ngf3 c5 5.dxc5 Bxc5 6.Bd3 Nc6 7.O-O Nge7 8.a3 O-O
9.b4 Ba7 10.Bb2 Ng6 11.e5 Nf4 12.Nb3 Bd7 13.Re1 Rc8 14.Qd2 Nxd3 15.cxd3 Qe7
16.Rac1 f6 17.exf6 gxf6 18.d4 Qg7 19.Nc5 Bxc5 20.dxc5 Ne7 21.Kh1 Kf7 22.g3 Ng6
23.Ra1 h5 24.a4 Kg8 25.Qd3 Qf7 26.b5 axb5 27.axb5 e5 28.Qb3 Rxc5 29.Ra5 Rfc8
30.Rea1 d4 31.Qd3 Kg7 32.Nh4 Qd5+ 33.f3 Ne7 34.Ba3 Rc3 35.Qb1 Nf5 36.Ra2 d3
37.Nxf5+ Bxf5 38.Qd1 Qxa2 39.Bf8+ Kxf8 40.Rxa2 Rc1  0-1

[Event "20th Belgrade Trophy"]
[Site "Belgrade SRB"]
[Date "2007.11.28"]
[Round "7"]
[White "Lagerman,R"]
[Black "Jacimovic,D"]
[Result "0-1"]
[WhiteElo "2346"]
[BlackElo "2412"]

1.e4 e6 2.d4 d5 3.Nd2 Nc6 4.Ngf3 Nf6 5.e5 Nd7 6.Bd3 Nb4 7.Be2 c5 8.c3 Nc6
9.O-O g6 10.b3 Bg7 11.Re1 O-O 12.Nf1 cxd4 13.cxd4 f6 14.exf6 Nxf6 15.Ng3 Ne4
16.Bb2 Nxg3 17.hxg3 Qb6 18.Qd2 Bd7 19.Bf1 Rf7 20.Ne5 Bxe5 21.dxe5 Raf8 22.Re2  0-1

[Event "20th Belgrade Trophy"]
[Site "Belgrade SRB"]
[Date "2007.11.28"]
[Round "7"]
[White "Skoric,B"]
[Black "Fernandez Manrique,A"]
[Result "0-1"]
[WhiteElo "1948"]
[BlackElo "2153"]

1.e4 e6 2.d4 d5 3.Nd2 Be7 4.e5 c5 5.c3 cxd4 6.cxd4 Nc6 7.Bb5 Qb6 8.Bxc6+ bxc6
9.Ne2 Ba6 10.Nb3 Bc4 11.O-O a5 12.Re1 a4 13.Nc5 Bxc5 14.dxc5 Qxc5 15.Nd4 Ne7
16.Be3 Qb4 17.Bg5 O-O 18.Qg4 Rfc8 19.a3 Qb7 20.Re3 c5 21.Rg3 Ng6 22.Nf3 Be2
23.Re1 Qxb2 24.Qh5 Bxf3 25.gxf3 Qc2 26.Rh3 h6 27.Bxh6 gxh6 28.Qxh6 Rab8 29.Rg3 Rb2
30.Re2 Qb1+ 31.Kg2 Rxe2 32.h4 Qc2 33.h5 Rxf2+ 34.Kh3 Qf5+  0-1

[Event "Open"]
[Site "Rijeka CRO"]
[Date "2007.11.29"]
[Round "6"]
[White "Kekic,A"]
[Black "Tomic,Bor"]
[Result "1/2-1/2"]
[WhiteElo "2237"]
[BlackElo "2108"]

1.e4 e6 2.d4 d5 3.Nd2 Nc6 4.Ngf3 Nf6 5.e5 Nd7 6.c3 f6 7.exf6 Nxf6 8.Bd3 Bd6
9.O-O O-O 10.Re1 Qe8 11.Ne5 Ne7 12.f4 b6 13.Ndf3 h6 14.Qe2 Bb7 15.g3 c5 16.Ng4 Ne4
17.Nf2 Qa4 18.Nxe4 dxe4 19.Bxe4 Ba6 20.Qc2 Qxc2 21.Bxc2 Rad8 22.Rxe6 Bb7
23.Nh4 cxd4 24.cxd4 Nc6 25.Be3 Bc8 26.Re4 g5 27.fxg5 hxg5 28.Bxg5 Nxd4 29.Bd3 Nf3+
30.Nxf3 Bc5+ 31.Be3 Rxd3 32.Bxc5 bxc5 33.Ne5 Rd2 34.Nc4 Rc2 35.Rf1 Rxf1+
36.Kxf1 Ba6 37.b3 Rxh2 38.Re2 Rh1+ 39.Kf2 Bxc4 40.bxc4 Rc1 41.Rb2 a6 42.Rb6 Rc2+
43.Ke3 Rxa2 44.Rc6 Ra3+ 45.Ke4 Rxg3 46.Rxc5 Kf7 47.Re5 a5 48.Rxa5 Ke6 49.Rd5 Rg1
50.Rd2 Re1+  1/2-1/2

[Event "Parsvnath ch-Commonwealth"]
[Site "New Delhi IND"]
[Date "2007.12.04"]
[Round "3"]
[White "Debashis,D"]
[Black "Kamble,V"]
[Result "1/2-1/2"]
[WhiteElo "2286"]
[BlackElo "2374"]

1.e4 e6 2.d4 d5 3.Nd2 Be7 4.Ngf3 Nf6 5.e5 Nfd7 6.Bd3 c5 7.c3 b6 8.Ne4 a5
9.Ng3 Ba6 10.O-O Bxd3 11.Qxd3 c4 12.Qd2 b5 13.a3 Nb6 14.Qf4 h5 15.Ne2 Nc6
16.Qg3 Rh7 17.Bg5 Ra7 18.Rab1 Rb7 19.Bxe7 Qxe7 20.Ng5 Rh8 21.Nf4 Kd7 22.Rfe1 Nd8
23.h4 Kc8 24.Nf3 g6 25.Nd2 Nc6 26.Nh3 Kb8 27.Ng5 Rc8 28.Rec1 Na4 29.Qf4 b4
30.axb4 axb4 31.Qe3 Rcc7 32.Ngf3 bxc3 33.bxc3 Rxb1 34.Rxb1+ Rb7 35.Ra1 Nb2
36.g3 Na7 37.Ne1 Nb5 38.Nb1 Ra7 39.Rxa7 Qxa7 40.Qh6 Qa1 41.Qf8+ Kb7 42.Qc5 Nc7
43.Qb4+ Kc8 44.Qf8+ Kb7 45.Qb4+ Kc8 46.Qf8+ Kd7 47.Qd6+ Ke8 48.Qxc7 Qxb1
49.Qc8+ Ke7 50.Qc5+ Kd7 51.Qd6+ Ke8 52.Qb8+ Ke7 53.Kf1 Qc1 54.Qd6+ Ke8 55.Qb8+ Ke7
56.Qd6+ Ke8 57.Qb8+ Ke7 58.Qd6+ Ke8 59.Qb8+ Ke7 60.Qd6+  1/2-1/2

[Event "Chigorin Mem A"]
[Site "St Petersburg RUS"]
[Date "2007.12.04"]
[Round "4"]
[White "Andreikin,D"]
[Black "Mihajlovskij,S"]
[Result "1-0"]
[WhiteElo "2555"]
[BlackElo "2480"]

1.e4 e6 2.d4 d5 3.Nd2 Be7 4.e5 c5 5.Qg4 Kf8 6.dxc5 Nc6 7.Qg3 h5 8.Bd3 Nh6
9.h3 Bxc5 10.Ngf3 Nb4 11.Nb3 Be7 12.Qf4 Bd7 13.Bd2 Nxd3+ 14.cxd3 Bb5 15.Nfd4 Qd7
16.Rc1 Kg8 17.Qf3 Ba6 18.O-O Rc8 19.Rxc8+ Qxc8 20.Rc1 Qf8 21.Rc7 Kh7 22.Qxh5 Bxd3
23.Bxh6 Bg6 24.Bxg7+  1-0

[Event "Festival Internacional de Xadrez"]
[Site "Americana BRA"]
[Date "2007.12.05"]
[Round "2"]
[White "Tsuboi,E"]
[Black "Cubas,Jo"]
[Result "1/2-1/2"]
[WhiteElo "2334"]
[BlackElo "2448"]

1.e4 e6 2.d4 d5 3.Nd2 Be7 4.Ngf3 Nf6 5.Bd3 c5 6.exd5 exd5 7.dxc5 Bxc5 8.Nb3 Bb6
9.Qe2+ Be6 10.Be3 O-O 11.O-O Nc6 12.c3 Bg4 13.Bxb6 Qxb6 14.Qe3 Bxf3 15.Qxf3 a5
16.Qf4 Rfe8 17.Qd2 Kf8 18.Qc2 a4 19.Nd2 Ne5 20.Be2 Ng6 21.Nf3 Nf4 22.Rfe1 Ne4
23.Bf1 Qg6 24.g3 Ng5 25.Qd1 Rxe1 26.Nxe1 Re8 27.Qg4 Re4 28.Qc8+ Re8 29.Qg4 Re4
30.Qc8+ Re8 31.Qg4 Re4 32.Qc8+  1/2-1/2

[Event "Parsvnath ch-Commonwealth"]
[Site "New Delhi IND"]
[Date "2007.12.05"]
[Round "5"]
[White "Dilip,D"]
[Black "Praveen Kumar,C1"]
[Result "1-0"]
[WhiteElo "2102"]
[BlackElo "2279"]

1.e4 e6 2.d4 d5 3.Nd2 Be7 4.e5 Nh6 5.Bd3 c5 6.c3 Nc6 7.Ne2 cxd4 8.cxd4 Nf5
9.Nf3 Qb6 10.O-O Bd7 11.Bb1 Rc8 12.a3 a5 13.b3 h5 14.Bxf5 exf5 15.Bg5 h4
16.h3 Be6 17.Qd2 Qd8 18.Rfc1 Rh5 19.Bxe7 Qxe7 20.Nf4 Rh6 21.Rc5 Rd8 22.Rac1 g5
23.Nxe6 fxe6 24.Nxg5 f4 25.Qxf4 Rh5 26.Nf3 Qg7 27.Qg4 Qh6 28.b4 axb4 29.axb4 Kf7
30.b5 Ne7 31.Rc7 Rg8 32.R1c2 Rxg4 33.hxg4 h3 34.gxh5 Qxh5 35.R2c3 Qg6 36.g3 Qb1+
37.Kh2 Qxb5 38.Kxh3 Ke8 39.Kg2 Qb6 40.g4 Kd8 41.Ng5 Ke8 42.R7c5 Kd7 43.Rc7+ Ke8
44.R3c5 Qa6 45.Nh7 Qd3 46.Nf6+ Kf7 47.Rxb7 Qxd4 48.Rcc7 Qxe5 49.Nh5 Qe4+
50.Kh2 Qe5+ 51.Ng3  1-0